| 000 | 01729nam a2200289Ia 4500 | ||
|---|---|---|---|
| 999 |
_c54816 _d54816 |
||
| 001 | 21885 | ||
| 003 | GE_BSU | ||
| 005 | 20211209145939.0 | ||
| 008 | 181216s2016ge xx |||||||||||||| ||geo|| | ||
| 020 | _a9789941252563 | ||
| 040 | _cGE_BSU | ||
| 041 | _ageo | ||
| 080 | _a657(075.8) ჭ-46 | ||
| 100 |
_aჭილაძე, იზოლდა. _913244 |
||
| 245 |
_aმმართველობითი აღრიცხვა : თეორია და პრაქტიკა : _b სახელმძღვანელო / _cიზოლდა ჭილაძე ; რედ : ნანა სრესელი; ზეინაბ გოგრიჭიანი. |
||
| 250 | _aმე-4 გადამუშავებული გამოცემა. | ||
| 264 |
_aთბილისი : _bმერიდიანი, _c2016 |
||
| 300 |
_a286 გვ:. _bცხრ; _c28 სმ. |
||
| 501 | _aგამოყენებული ტერმინების ქართულ-ინგლისური ლექსიკონი: გვ. 276-284. | ||
| 504 | _a ბიბლიოგრაფია ბიბლიოგრ. გვ:285 | ||
| 653 | _aბუღალტერია | ||
| 653 | _aბუღალტრული აღრიცხვა სახელმძღვანელოები. | ||
| 653 | _aმმართველობითი აღრიცხვა : თეორია და პრაქტიკა : სახელმძღვანელო | ||
| 700 |
_aსრესელი, ნანა _eრედაქტორი _913252 |
||
| 700 |
_aგოგრიჭიანი, ზეინაბ _eრედაქტორი _913245 |
||
| 942 |
_cBK _2udc |
||